Cálculo infinitesimal y Geometría analítica / (Record no. 134976)

MARC details
000 -LEADER
campo de control de longitud fija 00727nam a2200229 i 4500
001 - NÚMERO DE CONTROL
campo de control 134976
003 - IDENTIFICADOR DE NÚMERO DE CONTROL
campo de control ES-MaACL
005 - FECHA Y HORA DE LA ÚLTIMA TRANSACCIÓN
campo de control 20250903005839.0
007 - CAMPO FIJO DE DESCRIPCIÓN FÍSICA--INFORMACIÓN GENERAL
campo de control de longitud fija t|
008 - DATOS DE LONGITUD FIJA--INFORMACIÓN GENERAL
campo de control de longitud fija 070704s1959 sp ||||1| spa d
080 ## - NÚMERO DE LA CLASIFICACIÓN DECIMAL UNIVERSAL
Número de la Clasificación Decimal Universal 517.2/.3(075.8)
080 ## - NÚMERO DE LA CLASIFICACIÓN DECIMAL UNIVERSAL
Número de la Clasificación Decimal Universal 516(075.8)
100 1# - ENTRADA PRINCIPAL--NOMBRE DE PERSONA
Nombre de persona Thomas, George B.
9 (RLIN) 110011
245 10 - MENCIÓN DEL TÍTULO
Título Cálculo infinitesimal y Geometría analítica /
Mención de responsabilidad, etc. George B. Thomas ; traducción del inglés por Julio Porcel Moleón.
260 ## - PUBLICACIÓN, DISTRIBUCIÓN, ETC.
Lugar de publicación, distribución, etc. Madrid :
Nombre del editor, distribuidor, etc. Aguilar,
Fecha de publicación, distribución, etc. 1959.
300 ## - DESCRIPCIÓN FÍSICA
Extensión XV, 798 p. :
Otras características físicas il. ;
Dimensiones 22 cm.
650 #4 - PUNTO DE ACCESO ADICIONAL DE MATERIA--TÉRMINO DE MATERIA
Término de materia o nombre geográfico como elemento de entrada Geometría analítica.
9 (RLIN) 13100
650 #7 - PUNTO DE ACCESO ADICIONAL DE MATERIA--TÉRMINO DE MATERIA
Término de materia o nombre geográfico como elemento de entrada Cálculo
Fuente del encabezamiento o término embne
9 (RLIN) 10668
700 1# - ENTRADA AGREGADA--NOMBRE PERSONAL
Nombre de persona Porcel Moleón, Julio.
9 (RLIN) 93116
852 ## - LOCALIZACIÓN
Ubicación ES-MaACL
Número de control de estantería C-15482
Sublocalización o colección R.43631
Holdings
Estatus retirado Estado de pérdida Estado de daño No para préstamo Biblioteca de origen Biblioteca actual Ubicación en estantería Fecha de adquisición Fuente de adquisición Total de préstamos Signatura topográfica completa Código de barras Visto por última vez Precio de reemplazo Tipo de ítem Koha
        Biblioteca del Ateneo de Madrid Biblioteca del Ateneo de Madrid Ficheros 17/01/2008     C-15482 1140491 23/02/2023 23/02/2023 Libro impreso